[Event "Regionalliga SW9596"]
[Site "Bayern"]
[Date "1996.??.??"]
[Round "?"]
[White "Senner, Peter"]
[Black "Wolf, Gerhard"]
[Result "1-0"]
[WhiteElo "2055"]
[BlackElo "2005"]

1.e4 d6 2.d4 Nf6 3.Nc3 c6 4.Be2 Qa5 5.Bd2 e5 6.Nd5 Qd8 7.Nxf6+ Qxf6 8.Bc3 Be6
9.Nf3 Nd7 10.O-O Be7 11.Ne1 Qg6 12.Qd3 O-O 13.f4 f5 14.Bf3 d5 15.exd5 e4
16.Qd2 Bxd5 17.Be2 Rad8 18.Bb4 c5 19.Ba3 Qe6 20.dxc5 Bxc5+ 21.Bxc5 Nxc5 22.Qe3 b6
23.b3 Qf6 24.c3 Bf7 25.Nc2 Nd3 26.Nd4 Nb4 27.a3 Nd5 28.Qc1 Nxc3 29.Qxc3 Qxd4+
30.Qxd4 Rxd4 31.Rac1 Rfd8 32.Rc7 Rd2 33.Re1 Bxb3 34.Rxa7 Ra2 35.Bb5 g6 36.Rc1 Rd1+
37.Rxd1 Bxd1 38.Bc4+  1-0

[Event "Oberliga Bayern9596"]
[Site "Bayern"]
[Date "1996.??.??"]
[Round "?"]
[White "Ploetz, Werner"]
[Black "Schwarz, Michael"]
[Result "0-1"]
[WhiteElo "2260"]
[BlackElo "2410"]

1.e4 d6 2.d4 Nf6 3.Nc3 c6 4.f4 Qa5 5.Bd3 e5 6.dxe5 dxe5 7.f5 Nbd7 8.Qe2 Nc5
9.Bd2 Nxd3+ 10.Qxd3 Nd7 11.O-O-O b5 12.Kb1 f6 13.Qf3 Bc5 14.Qh5+ Kf8 15.Nf3 b4
16.Ne2 Ke7 17.Nc1 Qb5 18.Nh4 Ba6 19.g4 Qc4 20.g5 Qxe4 21.gxf6+ Nxf6 22.Qg5 Qg4
23.Rhe1 Kf7 24.Qxg4 Nxg4 25.Nf3 Rhe8 26.Nb3 Bf2 27.Re4 Nf6 28.Nxe5+ Kg8 29.Rf4 Bb6
30.Nxc6 Be2 31.Re1 Nd5 32.Rxb4 Nxb4 33.Bxb4 Bf2 34.Rc1 Kf7 35.Nbd4 Rac8 36.Bc3 a6
37.Nb4 Bc4 38.Nf3 a5 39.Nd3 Bxd3 40.cxd3 a4 41.Rf1 Be3 42.Ne5+ Kg8 43.Ng4 Bg5
44.Nf2 Re2 45.Ne4 Rg2 46.a3 Be7 47.h3 Rb8 48.Kc1 Rd8 49.Rf3 h6 50.f6 gxf6
51.Nxf6+ Bxf6 52.Rxf6 h5 53.Rf5 Rf8 54.Rxf8+ Kxf8 55.h4 Rh2 56.Bf6 Kf7 57.Bd8 Ke6
58.Kb1 Rd2 59.Kc1 Rxd3 60.Bg5 Kd5 61.Kb1 Kc4 62.Kc2 Rf3 63.Kd2 Rf2+ 64.Ke3 Rxb2
65.Kf4 Rf2+ 66.Kg3 Rf7 67.Be3 Kd3 68.Bc5 Ke4 69.Bb4 Rf3+ 70.Kg2 Rb3 71.Bd6 Kf5
72.Be7 Kg6 73.Kf2 Rb7 74.Bg5 Rb2+ 75.Kg3 Rb3+  0-1

[Event "Regionalliga SO9697"]
[Site "Bayern"]
[Date "1996.??.??"]
[Round "?"]
[White "Mathe, Gaspar"]
[Black "Lautner, Josef"]
[Result "1/2-1/2"]
[WhiteElo "2400"]
[BlackElo "2140"]

1.e4 d6 2.d4 Nf6 3.Nc3 c6 4.f4 Qa5 5.Bd3 e5 6.Nf3 Bg4 7.Be3 Nbd7 8.Qd2 Be7
9.O-O Bxf3 10.gxf3 Nh5 11.Ne2 Qxd2 12.Bxd2 h6 13.c3 g5 14.fxe5 dxe5 15.Rad1 Bd8
16.Kh1 Bb6 17.Bc4 Ke7 18.Bc1 a5 19.Ng3 Ng7 20.Rfe1 Bc7 21.Bf1 Nf8 22.Bh3 Rd8
23.Be3 Ng6 24.dxe5 Nxe5 25.Bc5+ Kf6 26.Bd4 Ne6 27.Bxe6 fxe6 28.Kg2 Kg6 29.Ne2 Rhf8
30.Bxe5 Bxe5 31.h3 a4 32.Kf2 Kf6 33.Ke3 c5 34.a3 Ke7 35.Rh1 b5 36.Rhf1 Rxd1
37.Rxd1 Rb8 38.Kd3 Rd8+ 39.Kc2 Rxd1 40.Kxd1 Kd6 41.Kc2 Kc6 42.Nc1 Kd6 43.Ne2 Kc6
44.Nc1 Kd6 45.Ne2  1/2-1/2

[Event "Benasque op"]
[Site "Benasque"]
[Date "1996.??.??"]
[Round "2"]
[White "Brodsky, Michail"]
[Black "Melendez Fierro, Juan"]
[Result "1-0"]
[WhiteElo "2510"]
[BlackElo "2170"]

1.e4 d6 2.d4 Nf6 3.Nc3 e5 4.dxe5 dxe5 5.Qxd8+ Kxd8 6.Bc4 Be6 7.Bxe6 fxe6
8.f3 Nc6 9.Be3 Bd6 10.Nge2 Ke7 11.a3 Na5 12.b3 a6 13.Na4 Nd7 14.Nb2 b5 15.Bg5+ Nf6
16.Bd2 Nc6 17.c4 Nd4 18.Nxd4 exd4 19.b4 c6 20.Ke2 e5 21.Rhc1 Rhc8 22.Rc2 Kd7
23.Nd3 g6 24.Be1 Nh5 25.g4 Ng7 26.Bg3 Ke6 27.Rac1 Ne8 28.h4 h5 29.g5 Nc7
30.c5 Bf8 31.Nxe5  1-0

[Event "Berliner Sommer"]
[Site "Berlin"]
[Date "1996.??.??"]
[Round "3"]
[White "Rahls, Peter"]
[Black "Eismont, Oleg"]
[Result "0-1"]
[WhiteElo "2215"]
[BlackElo "2455"]

1.e4 d6 2.d4 Nf6 3.Nc3 e5 4.Nf3 Nbd7 5.Bc4 Be7 6.O-O O-O 7.Bg5 c6 8.a4 h6
9.Be3 Re8 10.h3 b6 11.Re1 Qc7 12.Nh4 Rb8 13.Qe2 exd4 14.Bxd4 Bd8 15.Qf3 Ne5
16.Bxe5 Rxe5 17.Ng6 Re8 18.Nf4 a6 19.Rad1 b5 20.axb5 axb5 21.Bb3 Bb7 22.Re3 Ra8
23.Nh5 Nxh5 24.Qxh5 Re5 25.Qf3 Bf6 26.Ne2 c5 27.c3 c4 28.Bc2 Bg5 29.Nf4 Ra2
30.Rb1 Qe7 31.h4 Bxh4 32.Re2 Bg5 33.Nh5 g6 34.Nf4 Kg7 35.g3 d5 36.Qe3 dxe4
37.Rd2 Qf6 38.Rbd1 Rxb2 39.Rd7 Rxc2 40.Rxb7 Bxf4 41.gxf4 Re7 42.Rxb5 Rxc3
43.Qc5 Rd3 44.Re1 Qd6 45.Qc8 e3 46.Qxc4 exf2+ 47.Kxf2 Rd2+ 48.Kf1 Rd4  0-1

[Event "Berliner Sommer"]
[Site "Berlin"]
[Date "1996.??.??"]
[Round "8"]
[White "Timoshchenko, Gennadi A"]
[Black "Timoshenko, Georgy"]
[Result "0-1"]
[WhiteElo "2530"]
[BlackElo "2510"]

1.d4 d6 2.e4 Nf6 3.Nc3 e5 4.Nf3 Nbd7 5.g3 Be7 6.Bg2 O-O 7.O-O Re8 8.Re1 b6
9.b3 Bb7 10.Bb2 c6 11.Nb1 Bf8 12.Nbd2 g6 13.c4 Qc7 14.Qc2 Bg7 15.Rad1 a6
16.h3 h6 17.c5 bxc5 18.dxe5 dxe5 19.Nc4 a5 20.a4 Ba6 21.Na3 Nh7 22.Qd2 Nhf8
23.Bc3 Qb7 24.Rb1 Ne6 25.Bxa5 Nd4 26.Nxd4 cxd4 27.b4 Qa7 28.Rec1 Bb7 29.Nc4 Bf8
30.b5 cxb5 31.axb5 Rac8 32.Bb4 Nc5 33.Re1 Kg7 34.Na5 Ba8 35.Kh2 Qb6 36.f4 Qxb5
37.fxe5 Qd3 38.Qf2 Nxe4 39.Bxf8+ Kxf8 40.Qf4 Rc2 41.Nb7 Ng5 42.Kg1 Rxg2+
43.Kxg2 Qa6  0-1

[Event "Bern Cup"]
[Site "Bern"]
[Date "1996.??.??"]
[Round "2"]
[White "Kindermann, Stefan"]
[Black "Zvjaginsev, Vadim"]
[Result "1-0"]
[WhiteElo "2575"]
[BlackElo "2585"]

1.e4 d6 2.d4 Nf6 3.Nc3 e5 4.Nf3 Nbd7 5.Bc4 Be7 6.O-O O-O 7.a4 c6 8.Re1 a5
9.h3 Qc7 10.Be3 exd4 11.Nxd4 Re8 12.Ba2 Bf8 13.Bg5 Qb6 14.Qd2 h6 15.Bh4 g6
16.f3 Bg7 17.Bf2 Qb4 18.Rad1 Nc5 19.Qc1 Nfd7 20.Bb3 Qb6 21.Bc4 Qb4 22.Bb5 Ne6
23.Na2 Qxe1+ 24.Rxe1 Nxd4 25.Bf1 Ne6 26.Nc3 Be5 27.Ne2 h5 28.c3 Nec5 29.Qc2 Nb6
30.b3 Be6 31.Nd4 Bd7 32.Be3 Bg7 33.Ne2 Be6 34.Nd4 Bd7 35.Bd2 d5 36.exd5 Nxd5
37.Rxe8+ Rxe8 38.Bc4 Nb6 39.Bf1 Nd5 40.h4 Bc8 41.Kf2 Nb4 42.cxb4 Bxd4+ 43.Kg3 axb4
44.Bxb4 Bf5 45.Qd1 Rd8 46.Qe1 Be6 47.Bc4 Re8 48.Bc3 Bxc3 49.Qxc3 Bxc4 50.Qxc4 Re5
51.Qb4 b5 52.a5 Na6 53.Qd4 Re6 54.Qb6 c5 55.Qxb5 Kg7 56.Qc4 Kg8 57.Kf4 Kg7
58.Qc3+ Kh7 59.Kg5 Nb4 60.Qc4 Kg7 61.Kf4 Re1 62.Qb5 Re6 63.Kg5 Nc6 64.Kf4 Nb4
65.g4 hxg4 66.Kxg4 Na6 67.Qc4 Kh7 68.Qc3 Rd6 69.f4 Rc6 70.Kg5 Nb4 71.h5 gxh5
72.f5 Rh6 73.Qxc5 Na6 74.Qf8 f6+ 75.Kh4  1-0

[Event "Bern op"]
[Site "Bern"]
[Date "1996.??.??"]
[Round "8"]
[White "Sziebert, Adam"]
[Black "Schmidt Schaeffer, Sebastian"]
[Result "1/2-1/2"]
[WhiteElo "2325"]
[BlackElo "2370"]

1.e4 d6 2.d4 Nf6 3.Nc3 Nbd7 4.f4 e5 5.Nf3 exd4 6.Qxd4 c6 7.Bd2 Qb6 8.Qxb6 axb6
9.e5 dxe5 10.fxe5 Ng4 11.e6 fxe6 12.h3 Ngf6 13.Bc4 Nc5 14.a3 b5 15.Ba2 Nce4
16.Nxe4 Nxe4 17.Bf4 Bc5 18.Ng5 Nxg5 19.Bxg5 h6 20.Bh4 Ra4 21.b4 Bd4 22.O-O-O Bf6
23.Bxf6 gxf6 24.Rd3 Ke7 25.Re1 Rd8 26.Rxd8 Kxd8 27.Bxe6 Rxa3 28.Kb2 Rg3 29.Bxc8 Kxc8
30.Rf1 Rg6 31.g4 Kd7 32.Kc3 Ke6 33.Re1+ Kd6 34.Re8 h5 35.gxh5 Rg3+ 36.Kd4 Rxh3
37.Rd8+ Ke7 38.Rh8 b6 39.h6 Rh4+ 40.Ke3 Kf7 41.Rc8 Rxh6 42.Rxc6 Rh4 43.c3 Rc4  1/2-1/2

[Event "Bled op"]
[Site "Bled"]
[Date "1996.??.??"]
[Round "1"]
[White "Licina, Anita"]
[Black "Golubovic, Boris"]
[Result "0-1"]
[WhiteElo "2165"]
[BlackElo "2385"]

1.e4 d6 2.d4 Nf6 3.Nc3 Nbd7 4.Nf3 e5 5.Bc4 Be7 6.O-O O-O 7.h3 c6 8.a4 b6
9.Be3 Bb7 10.d5 Rc8 11.Ba2 cxd5 12.exd5 g6 13.Re1 a6 14.Qd2 Nh5 15.Bh6 Re8
16.Ne4 Ng7 17.Ng3 Nc5 18.b3 a5 19.Rad1 Qd7 20.c3 Bf8 21.Qc2 Rc7 22.c4 Qd8
23.Be3 Bc8 24.Qc3 Nf5 25.Bxc5 Rxc5 26.Ne4 Rc7 27.b4 Ra7 28.Qb3 Bd7 29.Nc3 Ra8
30.Bb1 Ne7 31.Nb5 Nc8 32.Bd3 Na7 33.Bf1 Nxb5 34.cxb5 Bh6 35.Re2 f5 36.Ne1 Qh4
37.Nc2 f4 38.bxa5 Rxa5 39.Qb4 Qf6 40.Na3 Rea8 41.Nc4 Rxa4 42.Qxd6 Qxd6 43.Nxd6 Bf8
44.Ne4 Bxb5 45.Ree1 Bxf1 46.Kxf1 Bb4 47.Nd2 Bc3 48.f3 b5 49.Re4 Ra1 50.Ree1 Rxd1
51.Rxd1 Bxd2 52.Rxd2 Rd8 53.d6 Kf7 54.Rd5 Ke6 55.Rxb5 Rxd6 56.Ke2 Kf5 57.Ra5 g5
58.Rb5 h5 59.Ra5 Re6 60.Kf2 g4 61.hxg4+ hxg4 62.g3 gxf3 63.Kxf3 Rb6 64.gxf4 Rb3+
65.Ke2 Kxf4 66.Ra4+ e4 67.Ra2 Rh3 68.Ra4 Rh2+ 69.Ke1 Kf3 70.Ra8 Rh1+ 71.Kd2 e3+
72.Kc2 e2 73.Rf8+ Kg4  0-1

[Event "Bled op"]
[Site "Bled"]
[Date "1996.??.??"]
[Round "2"]
[White "Mestrovic, Zvonimir"]
[Black "Grosar, Kiti"]
[Result "1/2-1/2"]
[WhiteElo "2470"]
[BlackElo "2225"]

1.Nc3 Nf6 2.e4 d6 3.d4 c6 4.Nf3 g6 5.e5 dxe5 6.Nxe5 Be6 7.Be3 Nbd7 8.Nd3 Bg7
9.h4 Ng4 10.Nf4 Bf5 11.Bd3 Nxe3 12.fxe3 Bxd3 13.Qxd3 e5 14.Nfe2 exd4 15.exd4 Nf6
16.O-O-O O-O 17.Qf3 Qd7 18.d5 cxd5 19.Nxd5 Nxd5 20.Rxd5 Qa4 21.Kb1 Rac8 22.c3 Rc6
23.h5 Ra6 24.Nc1 Rf6 25.Qd3 Rf2 26.h6 Bf6 27.Rd7 Qb4 28.Ne2 Qg4 29.Ng3 Rxg2
30.Ne4 Rg1+ 31.Rxg1 Qxg1+ 32.Kc2 Bh8 33.Qd5 Qh2+ 34.Kb3 Qe5 35.Qxe5 Bxe5
36.Rxb7 f5 37.Re7 Bf4 38.Nc5 Bxh6 39.Ne6 Rf6 40.c4 Bf8 41.Re8 Kf7 42.Rxf8+ Kxe6
43.Re8+ Kd6 44.Kc3 f4 45.Kd2 g5 46.Rg8 f3 47.Ke1 f2+ 48.Kf1 Rf5 49.b4 h5
50.c5+ Kd5 51.Rd8+ Kc6 52.Rd2 Rf4 53.a3 a5 54.Rd6+ Kc7 55.b5 Rc4 56.Rd5 g4
57.Kxf2 h4 58.Rh5 Rc2+ 59.Ke3 g3 60.Rh7+ Kc8 61.Rh8+ Kc7 62.Rh7+ Kc8  1/2-1/2

[Event "SLO-chT"]
[Site "Bled"]
[Date "1996.??.??"]
[Round "3"]
[White "Panic, V."]
[Black "Zugaj, Zvijezdana"]
[Result "0-1"]
[WhiteElo "1825"]
[BlackElo "1920"]

1.e4 d6 2.d4 Nf6 3.Nc3 c6 4.Nf3 Bg4 5.Be2 Qa5 6.O-O e5 7.a3 Be7 8.b4 Qc7
9.Bb2 O-O 10.Qd3 Nh5 11.Bc1 Nf6 12.h3 Bxf3 13.Bxf3 Nbd7 14.Ne2 Rfe8 15.Ng3 Bf8
16.c4 g6 17.d5 Rac8 18.Be3 cxd5 19.cxd5 Qc3 20.Qb5 Qc4 21.Be2 Qxb5 22.Bxb5 a6
23.Be2 Rc3 24.b5 axb5 25.Bxb5 Ra8 26.a4 h5 27.Bg5 Kg7 28.f3 Nc5 29.Ne2 Rc2
30.Rf2 Be7 31.Be3 Bd8 32.Nc1 Rxf2 33.Kxf2 Bb6 34.Ra3 Ng8 35.Nb3 Rc8 36.Nxc5 Bxc5
37.Bxc5 Rxc5 38.Ra2 Kf6 39.Kg3 Ke7 40.Rb2 Rc7 41.Kh4 Nf6 42.a5 Nh7 43.a6 bxa6
44.Bxa6 Nf6 45.Rb7 Rxb7 46.Bxb7 Nd7 47.g4 hxg4 48.Kxg4 Nc5 49.Bc6 Nb3 50.f4 Nd2
51.fxe5 dxe5 52.h4 Nxe4 53.h5 Nf6+ 54.Kf3 gxh5 55.Kg3 Kd6 56.Kh4 Nxd5 57.Be8 Ke6
58.Bxf7+ Kxf7 59.Kxh5 Ne3 60.Kh4 Kf6 61.Kg3 Kf5 62.Kf3 Nc4 63.Kf2 Kf4  0-1

[Event "SLO-chT"]
[Site "Bled"]
[Date "1996.??.??"]
[Round "5"]
[White "Ursic, Mateja"]
[Black "Zugaj, Zvijezdana"]
[Result "1/2-1/2"]
[WhiteElo "1690"]
[BlackElo "1920"]

1.e4 d6 2.d4 Nf6 3.Nc3 c6 4.Be3 Qa5 5.Bd3 e5 6.dxe5 dxe5 7.f3 Be6 8.Ne2 Nbd7
9.a4 Be7 10.O-O O-O 11.Kh1 Rfe8 12.f4 exf4 13.Nxf4 Bg4 14.Qe1 Ne5 15.h3 Bd7
16.Qf2 h6 17.Nb1 b5 18.b3 Bf8 19.Nd2 b4 20.Rae1 Qc7 21.Bc5 Bxc5 22.Qxc5 Rab8
23.Nd5 Nxd3 24.cxd3 Nxd5 25.exd5 Qg3 26.Nf3 cxd5 27.Qxa7 Rxe1 28.Nxe1 Be6
29.Qc5 Qe5 30.Nf3 Qe2 31.Re1 Qxd3 32.Nd4 Qc3 33.Rc1 Qe3 34.Nxe6 Qxe6 35.a5 Qd7
36.a6 Ra8 37.Ra1 d4 38.Qxb4 Ra7 39.Qa5 d3 40.Qd2 Qd5 41.b4 Qe5 42.Ra3 Qd6
43.Rxd3 Qxa6 44.Rd8+ Kh7 45.Qd3+ Qxd3 46.Rxd3 Ra1+ 47.Kh2 Rb1 48.Rd4 Rb3
49.Kg1  1/2-1/2

[Event "SLO-chT"]
[Site "Bled"]
[Date "1996.??.??"]
[Round "7"]
[White "Ipavec, Petra"]
[Black "Zugaj, Zvijezdana"]
[Result "1-0"]
[WhiteElo "2070"]
[BlackElo "1920"]

1.e4 d6 2.d4 Nf6 3.Nc3 c6 4.f4 Qa5 5.Bd3 e5 6.Nf3 Bg4 7.Be3 Nbd7 8.Qd2 Bxf3
9.gxf3 Nh5 10.O-O-O O-O-O 11.Rhg1 b5 12.fxe5 b4 13.Nb1 dxe5 14.dxe5 Qxa2
15.Qe2 Be7 16.f4 g6 17.Bc4 Qa1 18.Bxf7 Nc5 19.Qc4 Qa5 20.f5 Kc7 21.Bd4 Nf4
22.Be3 Ncd3+ 23.Rxd3 Ne2+ 24.Kd1 Nxg1 25.Bxg1 gxf5 26.Bd5 c5 27.exf5 Qa1
28.Qa2 Qxa2 29.Bxa2 Rxd3+ 30.cxd3 Kc6 31.f6 Bf8 32.e6 Rg8 33.Be3 Bd6 34.e7 Rb8
35.Bf7 Kd7 36.e8=Q+ Rxe8 37.Bxe8+ Kxe8 38.Nd2 Bxh2 39.Bxc5 Be5 40.Ne4 Kf7
41.d4 Bxf6 42.Nxf6 Kxf6 43.Bxb4 Ke6 44.Ke2 h5 45.Be1  1-0

[Event "Slovan op"]
[Site "Bratislava"]
[Date "1996.??.??"]
[Round "1"]
[White "Svobodova, Michaela"]
[Black "Antal, Jozsef"]
[Result "1-0"]
[WhiteElo "2150"]
[BlackElo "2165"]

1.e4 d6 2.d4 Nf6 3.Nc3 c6 4.f4 Bg4 5.Nf3 Nbd7 6.Bd3 e5 7.Be3 Qc7 8.h3 Bxf3
9.Qd2 Be7 10.O-O O-O-O 11.dxe5 dxe5 12.Bxa7 exf4 13.a4 Ne5 14.Qxf4 Nxd3 15.cxd3 b6
16.Qxc7+ Kxc7 17.a5 Bc5+ 18.Kh1 Rhf8 19.Na4 Rxd3 20.axb6+ Bxb6 21.Bxb6+ Kb8
22.Nc5 Rd2 23.Ra7 Rxb2 24.Rb7+ Kc8 25.Ra1 Nd7 26.Ra8+  1-0

[Event "POL-ch (Women)"]
[Site "Brzeg Dolny"]
[Date "1996.??.??"]
[Round "8"]
[White "Szczygiel, Agnieszka"]
[Black "Bobrowska, Monika"]
[Result "0-1"]
[WhiteElo "2080"]
[BlackElo "2305"]

1.e4 d6 2.Nc3 Nf6 3.d4 c6 4.f4 Qa5 5.Bd3 e5 6.Nf3 Bg4 7.dxe5 dxe5 8.h3 Bxf3
9.Qxf3 Nbd7 10.f5 Bc5 11.Be3 Bxe3 12.Qxe3 Qb6 13.Qxb6 axb6 14.Kf2 b5 15.a3 Ke7
16.Ke3 Rhd8 17.Rad1 Nc5 18.Be2 Rxd1 19.Rxd1 Na4 20.Nxa4 Rxa4 21.Bd3 Nd7 22.Rd2 Nb6
23.Re2 Ra8 24.Rf2 Rd8 25.Rd2 Na4 26.c3 Rd6 27.Rf2 Kd7 28.Re2 Kc7 29.Rc2 Kb6
30.Be2 Nc5 31.b4 Na4 32.c4 Rd4 33.cxb5 cxb5 34.Kf3 f6 35.Ke3 Rd6 36.Bd3 Rc6
37.Kd2 Ka6 38.Be2 Nb6 39.Rxc6 bxc6 40.Kc3 Na4+ 41.Kc2 Kb6 42.Kd2 Kc7 43.Kc2 Nb6
44.Kb3 Nc8 45.Kc3 Nd6 46.Bd3 Kb6 47.Kb3 c5 48.Kc3 Nc8 49.Bc2 Ne7 50.Bb3 Nc6
51.Bd1 Nd4 52.g4 cxb4+ 53.axb4 Kc6 54.Bb3 Ne2+ 55.Kd2 Ng1 56.h4 Nf3+ 57.Ke3 Nd4
58.Bd1 Kd6 59.h5 Nc6 60.Be2 Nxb4 61.Bxb5 Kc5 62.Ba4 Kc4 63.Bd1 h6 64.Ba4 Kc3
65.Be8 Nc2+ 66.Kf3 Kd2 67.Bf7 Ke1 68.Bc4 Na3 69.Ba6 Kd2 70.Bc8 Nc2 71.Ba6 Nb4
72.Bb7 Ke1 73.Bc8 Kd2 74.Bb7 Nd3 75.Bc6 Nf4 76.Bb7 Nh3 77.Bc6 Ng5+ 78.Kg2 Kd3  0-1

[Event "POL-ch (Women)"]
[Site "Brzeg Dolny"]
[Date "1996.??.??"]
[Round "11"]
[White "Iwaniuk, Dorota"]
[Black "Szczygiel, Agnieszka"]
[Result "1/2-1/2"]
[WhiteElo "2090"]
[BlackElo "2080"]

1.e4 d6 2.d4 Nf6 3.Nc3 c6 4.Nge2 e5 5.g3 Nbd7 6.Bg2 Be7 7.O-O O-O 8.a4 Re8
9.h3 Qc7 10.Be3 Nf8 11.Qd2 h6 12.Rae1 b6 13.f4 Ba6 14.fxe5 dxe5 15.dxe5 Qxe5
16.Rf5 Qc7 17.e5 Rad8 18.Nd4 Nd5 19.Nxc6 Nxe3 20.Nxe7+ Qxe7 21.Qxe3 Bb7 22.Bxb7 Qxb7
23.Ref1 Re7 24.Ne4 Ng6 25.Qf3 Qc7 26.Nc3 Nxe5 27.Qf2 Qb7 28.Qf4 Ng6 29.Qf3 Qxf3
30.R1xf3 Rd2 31.Rf2 Rxf2 32.Kxf2 Rc7 33.Rd5 Ne7 34.Rd8+ Kh7 35.Rd2 Nc6 36.Nb5 Re7
37.Rd6 Ne5 38.b3 f6 39.a5 Nf7 40.Rc6 Ne5 41.Rc7 Rxc7 42.Nxc7 bxa5 43.Ke3 Nc6
44.Ke4 f5+ 45.Kxf5 Nd4+ 46.Ke4 Nxc2 47.Kd3 Nb4+ 48.Kc4 g5 49.Nb5 a6 50.Nd6 h5
51.Nb7 g4 52.hxg4 hxg4 53.Nxa5 Nc2 54.Kd3 Nb4+ 55.Ke4 Kg6 56.Kf4 Kh5 57.Nc4 Nd3+
58.Kf5 Nc1 59.Nd2 Ne2 60.Ne4 Nd4+ 61.Kf4 Nxb3 62.Nf6+ Kg6 63.Nxg4 a5  1/2-1/2

[Event "Budapest FS10 IM"]
[Site "Budapest"]
[Date "1996.??.??"]
[Round "1"]
[White "Jamrich, Gyorgy"]
[Black "De Santis, Alessio"]
[Result "0-1"]
[WhiteElo "2295"]
[BlackElo "2320"]

1.e4 d6 2.d4 Nf6 3.Nc3 c6 4.Be3 Nbd7 5.Be2 e5 6.Nf3 Be7 7.O-O O-O 8.h3 Re8
9.Re1 Qc7 10.Bf1 b5 11.a3 a6 12.Nh2 Bb7 13.Qf3 exd4 14.Bxd4 c5 15.Bxf6 Bxf6
16.Nd1 d5 17.c3 dxe4 18.Qe2 Ne5 19.Ne3 Nd3 20.Red1 Bh4 21.g3 Bxg3 22.fxg3 Qxg3+
23.Bg2 Nf4 24.Qe1 Nxh3+ 25.Kh1 Nf2+ 26.Kg1 Nh3+ 27.Kh1 Qxe1+ 28.Rxe1 Nf2+
29.Kg1 Nd3 30.Re2 g6 31.c4 f5 32.Rd2 Rad8 33.Rad1 Rd4 34.b3 Nf4 35.Bf1 Red8
36.Rxd4 cxd4 37.cxb5 axb5 38.Bxb5 Kf8 39.Nhf1 Ke7 40.Ng2 Nxg2 41.Kxg2 f4
42.Kf2 e3+ 43.Ke1 h5 44.Rc1 Bd5 45.b4 g5 46.Rc7+ Kd6 47.Rg7 Rc8 48.Rg6+ Ke7
49.Nxe3 fxe3 50.Rxg5 Bf3  0-1

[Event "Budapest FS04 IM"]
[Site "Budapest"]
[Date "1996.??.??"]
[Round "3"]
[White "Gorjatchev, Victor"]
[Black "Horvath, Julia"]
[Result "1-0"]
[WhiteElo "2355"]
[BlackElo "2305"]

1.e4 d6 2.d4 Nf6 3.Nc3 e5 4.Nf3 Nbd7 5.Be3 Be7 6.h3 c6 7.Qd2 O-O 8.a4 b6
9.g4 Bb7 10.g5 exd4 11.Nxd4 Nxe4 12.Nxe4 c5 13.Bg2 cxd4 14.Qxd4 Nc5 15.Rg1 Nxe4
16.Bxe4 Bxe4 17.Qxe4 d5 18.Qd3 Bc5 19.O-O-O Qe8 20.Rg4 Rd8 21.Kb1 Bxe3 22.fxe3 Qe7
23.h4 Rfe8 24.Re1 Qe5 25.Rd4 Qg3 26.Re2 Rc8 27.Qf5 Rc5 28.Rf2 Rf8 29.e4 dxe4
30.Qxf7+  1-0

[Event "Budapest FS12 IM"]
[Site "Budapest"]
[Date "1996.??.??"]
[Round "3"]
[White "Sziebert, Adam"]
[Black "Francsics, Endre"]
[Result "1-0"]
[WhiteElo "2300"]
[BlackElo "2220"]

1.e4 d6 2.d4 Nf6 3.Nc3 c6 4.f4 Qa5 5.e5 Ne4 6.Bd3 f5 7.exf6 Nxf6 8.Bd2 Na6
9.a3 b5 10.Nd5 Qd8 11.Nxf6+ exf6 12.Qh5+ g6 13.Bxg6+ Kd7 14.Bf5+ Ke7 15.O-O-O Bg7
16.Re1+ Kf8 17.Ba5  1-0

[Event "Budapest FS11 IM"]
[Site "Budapest"]
[Date "1996.??.??"]
[Round "4"]
[White "Weteschnik, Martin"]
[Black "De Santis, Alessio"]
[Result "0-1"]
[WhiteElo "2045"]
[BlackElo "2320"]

1.e4 d6 2.d4 Nf6 3.Nc3 c6 4.f3 Nbd7 5.Be3 e5 6.Nge2 a6 7.g4 g6 8.Qd2 b5 9.Bg2 Bb7
10.Ng3 Nb6 11.b3 Qc7 12.Qf2 Nfd7 13.f4 f6 14.g5 Be7 15.h4 O-O-O 16.O-O-O Rhf8
17.f5 Kb8 18.Kb1 exd4 19.Rxd4 Ne5 20.Bf3 d5 21.Rdd1 d4 22.Rxd4 Nbd7 23.Nce2 c5
24.Rdd1 fxg5 25.hxg5 gxf5 26.Nxf5 Rxf5 27.exf5 Nxf3 28.Bf4 Nde5 29.f6 Bd6
30.Rhf1 Ka8 31.Qg3 Rd7 32.Qh3 Qc6 33.Qe6 Bc7 34.Qxc6 Rxd1+ 35.Rxd1 Bxc6 36.Kc1 Kb7
37.Nc3 Nd3+ 38.Rxd3 Bxf4+ 39.Kd1 Ne5 40.Rh3 Bf3+ 41.Ke1 Bxg5 42.Rxh7+ Kc6
43.f7 Be7 44.Rh6+ Kd7 45.Rxa6 Bc6 46.a4 bxa4 47.Nxa4 Nxf7 48.Nb6+ Kc7 49.Ra7+ Kd8
50.Nc4 Ng5 51.Ne5 Be4 52.Kd2 Ne6 53.Nd3 Nd4 54.Ra4 Bc6 55.Ra6 Bb7 56.Rg6 Bd5
57.Rg7 Bg5+ 58.Ke1 Nxc2+ 59.Kf2 Bf6 60.Rg6 Bd4+ 61.Ke2 Bxb3 62.Kd2 c4 63.Nc1 Be3+
64.Kd1 Nd4+ 65.Nxb3 cxb3 66.Rb6 Kc7 67.Rb4 Kc6 68.Rb8 Kc5 69.Rxb3 Nxb3 70.Ke2 Kd4
71.Kf3 Kd3 72.Kg2 Ke4 73.Kh3 Nc5 74.Kg2 Nd3 75.Kh3 Kf3 76.Kh2 Nf4 77.Kh1 Bf2
78.Kh2 Bg3+ 79.Kh1 Nd3 80.Kg1 Nf2 81.Kf1 Bh2 82.Ke1 Ne4 83.Kf1 Nd2+ 84.Ke1 Ke3
85.Kd1 Bd6 86.Kc2 Bb4 87.Kd1 Nb3 88.Kc2 Nd4+ 89.Kd1 Kd3 90.Kc1 Ke2 91.Kb2 Kd2  0-1

[Event "Spring op"]
[Site "Budapest"]
[Date "1996.??.??"]
[Round "4"]
[White "Riegler, Primoz"]
[Black "Zemerov, Vladimir"]
[Result "1/2-1/2"]
[WhiteElo "2305"]
[BlackElo "2410"]

1.e4 d6 2.d4 Nf6 3.Nc3 e5 4.Nf3 Nbd7 5.g3 Be7 6.Bg2 c6 7.a4 Qc7 8.O-O h5
9.b3 Nf8 10.Bb2 Ng6 11.h4 Ng4 12.Qe2 Nf6 13.Qc4 Be6 14.d5 Bd7 15.Ng5 c5 16.Nd1 Nh7
17.Nxh7 Rxh7 18.Ne3 Qc8 19.Qd3 Bf6 20.Nc4 Qc7 21.Rae1 Rh8 22.f4 O-O-O 23.fxe5 Nxe5
24.Bxe5 dxe5 25.Rf2 Kb8 26.Qc3 Bc8 27.Rd1 Qe7 28.Rdf1 Bg4 29.Qe3 Rc8 30.Kh2 Qd7
31.Bf3 Bh3 32.Bg2 Bg4 33.Bf3 Bh3 34.Bg2 Bg4  1/2-1/2

[Event "Spring op"]
[Site "Budapest"]
[Date "1996.??.??"]
[Round "4"]
[White "Sax, Gyula"]
[Black "Iosan, V."]
[Result "1-0"]
[WhiteElo "2560"]
[BlackElo "2320"]

1.e4 d6 2.d4 Nf6 3.Nc3 Nbd7 4.g3 e5 5.Nge2 c6 6.a4 Be7 7.Bg2 O-O 8.O-O Qc7
9.h3 b6 10.g4 Ba6 11.Re1 Ne8 12.Be3 Bh4 13.Qd2 f6 14.Kh1 Qd8 15.Rad1 Qe7
16.Ng1 exd4 17.Qxd4 Ne5 18.b3 Kh8 19.Nge2 Rd8 20.Qd2 Qf7 21.Nd4 h5 22.g5 fxg5
23.Bxg5 Bxg5 24.Qxg5 Rd7 25.Nf5 Qg6 26.Qh4 Qh7 27.Qg3 h4 28.Qg5 Nf7 29.Qxh4 Qxh4
30.Nxh4 Kh7 31.e5 Ng5 32.Bxc6 Re7 33.Ne4 Nxh3 34.Nf3 dxe5  1-0

[Event "HUN-ch"]
[Site "Budapest"]
[Date "1996.??.??"]
[Round "5"]
[White "Gyimesi, Zoltan"]
[Black "Ruck, Robert"]
[Result "1/2-1/2"]
[WhiteElo "2480"]
[BlackElo "2465"]

1.d4 d6 2.e4 Nf6 3.Nc3 Nbd7 4.Nf3 e5 5.Bc4 Be7 6.O-O O-O 7.Re1 c6 8.a4 b6
9.d5 cxd5 10.Bxd5 Nxd5 11.Nxd5 Nf6 12.Nxf6+ Bxf6 13.c4 Bb7 14.b3 Be7 15.Ba3 f5
16.Nd2 Bh4 17.Ra2 Qf6 18.Nf3 Bxf2+ 19.Rxf2 fxe4 20.Qxd6 exf3 21.Qxe5 Qxe5
22.Rxe5 Rfe8  1/2-1/2

[Event "Budapest FS03 IM"]
[Site "Budapest"]
[Date "1996.??.??"]
[Round "6"]
[White "Frolov, Denis"]
[Black "Borsavolgyi, Tamas"]
[Result "1-0"]
[WhiteElo "2340"]
[BlackElo "2375"]

1.e4 d6 2.d4 Nf6 3.Nc3 Nbd7 4.Nf3 e5 5.Bc4 Be7 6.O-O h6 7.dxe5 dxe5 8.Qe2 c6
9.a4 Qc7 10.Nh4 g6 11.f4 exf4 12.Bxf4 Ne5 13.Nf3 Bd6 14.Bxe5 Bxe5 15.Nxe5 Qxe5
16.Qf2 Ke7 17.Rae1 Be6 18.Nd5+ cxd5 19.exd5 Ne4 20.Qh4+  1-0

[Event "Budapest FS11 IM"]
[Site "Budapest"]
[Date "1996.??.??"]
[Round "7"]
[White "Belotelov, Dimitri"]
[Black "De Santis, Alessio"]
[Result "1-0"]
[WhiteElo "2230"]
[BlackElo "2320"]

1.d4 d6 2.e4 Nf6 3.Nc3 c6 4.g3 Nbd7 5.Bg2 e5 6.Nge2 Be7 7.a4 O-O 8.O-O a5
9.h3 Re8 10.Be3 Qc7 11.b3 b6 12.Re1 Ba6 13.g4 Rad8 14.d5 Rc8 15.g5 Nh5 16.Bf3 Nf4
17.Nxf4 exf4 18.Bxf4 Ne5 19.Bg4 Nxg4 20.Qxg4 c5 21.e5 dxe5 22.Bxe5 Bd6 23.Bxd6 Qxd6
24.Ne4 Qg6 25.d6 Rcd8 26.d7 Rf8 27.Rad1 Bb7 28.Rd6 Bxe4 29.Rxg6 Bxg6 30.c4 Bc2
31.Re3 Bg6 32.h4 Bc2 33.h5 g6 34.hxg6 hxg6 35.Re7 Bxb3 36.Qf4 Bxa4 37.Qc7 Kg7
38.Qd6 Kg8 39.f4 Kg7 40.f5 gxf5 41.Qh6+ Kg8 42.g6  1-0

[Event "HUN-ch"]
[Site "Budapest"]
[Date "1996.??.??"]
[Round "7"]
[White "Fogarasi, Tibor"]
[Black "Ruck, Robert"]
[Result "1/2-1/2"]
[WhiteElo "2505"]
[BlackElo "2465"]

1.e4 d6 2.d4 Nf6 3.Nc3 Nbd7 4.Nf3 e5 5.Bc4 Be7 6.O-O O-O 7.Re1 c6 8.a4 b6
9.Bg5 a6 10.d5 c5 11.Nd2 Ne8 12.Bxe7 Qxe7 13.Rb1 Qd8 14.Bd3 Qc7 15.Nc4 Rb8
16.Ne3 g6 17.Qe2 Ra8 18.Qd2 Rb8 19.b4 Nef6 20.Nc4 Rd8 21.bxc5 Nxc5 22.Rb4 Nxa4
23.Nxa4 b5 24.Ncb6 bxa4 25.Nxc8 Rxb4 26.Qxb4 Rxc8 27.Qxa4 a5 28.Ra1 Rb8 29.h3 Rb4
30.Qxa5  1/2-1/2

[Event "Budapest FS11 GM"]
[Site "Budapest"]
[Date "1996.??.??"]
[Round "8"]
[White "Pribyl, Martin"]
[Black "Berend, Fred"]
[Result "1/2-1/2"]
[WhiteElo "2320"]
[BlackElo "2425"]

1.e4 d6 2.d4 Nf6 3.Nc3 e5 4.dxe5 dxe5 5.Qxd8+ Kxd8 6.Bc4 Be6 7.Bxe6 fxe6
8.f3 Bd6 9.Be3 a6 10.Nge2 Ke7 11.O-O-O Nc6  1/2-1/2

[Event "Budapest FS12 IM"]
[Site "Budapest"]
[Date "1996.??.??"]
[Round "8"]
[White "Rodriguez Lopez, Rafael"]
[Black "Francsics, Endre"]
[Result "1-0"]
[WhiteElo "2410"]
[BlackElo "2220"]

1.e4 d6 2.d4 Nf6 3.Nc3 c6 4.f4 Qa5 5.Bd3 e5 6.Nf3 Bg4 7.Be3 Nbd7 8.h3 Bxf3
9.Qxf3 Be7 10.O-O exd4 11.Bxd4 Qb4 12.Ne2 d5 13.e5 Ne4 14.a3 Qa5 15.Bxe4 dxe4
16.Qxe4 Nc5 17.Qf3 Ne6 18.Bc3 Qb6+ 19.Kh1 O-O-O 20.f5 Nc7 21.e6 Bf6 22.exf7 Rhf8
23.Qh5 Nd5 24.Qxh7 Ne3 25.Bxf6 gxf6 26.Rf3 Nxc2 27.Rb1 Qc7 28.Qh6 Qxf7 29.Rc1 Nd4
30.Nxd4 Rxd4 31.Rg3 Rfd8 32.Rg7 Qf8 33.Qg6 a5 34.Qg3 Rd1+ 35.Rxd1 Rxd1+ 36.Kh2 Qd6
37.Qxd6 Rxd6 38.Rf7 b5 39.h4 Rd4 40.Rxf6 Rxh4+ 41.Kg3 Rc4 42.Kf3 Rc2 43.g4 Kd7
44.g5 Rxb2 45.g6 Rb3+ 46.Kf4 Rb1 47.g7 Rf1+ 48.Ke3  1-0